Normal view
MARC view
- Epstein, T. Scarlett
Entry Personal Name
001 - CONTROL NUMBER
- control field: 134391
003 - CONTROL NUMBER IDENTIFIER
- control field: NUST
005 - DATE AND TIME OF LATEST TRANSACTION
- control field: 20260509155849.0
008 - FIXED-LENGTH DATA ELEMENTS
- fixed length control field: 260509|| aca||aabn | a|a d
040 ## - CATALOGING SOURCE
- Original cataloging agency: NUST
- Transcribing agency: NUST
100 ## - HEADING--PERSONAL NAME
- Personal name: Epstein, T. Scarlett
670 ## - SOURCE DATA FOUND
- Source citation: Work cat.: (NUST): Epstein, T. Scarlett., Economic development and social change in south India /, 1962.
